|
|
|
|
| LEADER |
00000nam a2200000 a 4500 |
| 001 |
vtls008877397 |
| 003 |
SK-MaSNL |
| 005 |
20260301022228.0 |
| 008 |
160610s2006 xo c 000 0 slo |
| 015 |
|
|
|a SNBA2007/01-00257
|
| 020 |
|
|
|a 8071585408
|q (brož.)
|
| 035 |
|
|
|a 0641E30C-E3D6-4963-9436-E1DE019B7B7F
|
| 035 |
|
|
|a urn:nbn:sk:snk-amku13
|
| 035 |
|
|
|a urn:nbn:sk:snk-am004qux
|
| 040 |
|
|
|a SNK
|b slo
|c SNK
|e AACR2
|
| 041 |
0 |
|
|a slo
|
| 044 |
|
|
|a xo
|c SK
|
| 072 |
|
7 |
|a 51
|x Matematika
|2 konspekt
|
| 080 |
|
|
|a 373.3
|2 2001
|
| 080 |
|
|
|a (076.1/.3)
|2 2001
|
| 080 |
|
|
|a 51
|2 2001
|
| 100 |
1 |
|
|a Berová, Zuzana,
|d 1966-
|4 aut
|9 67320
|
| 245 |
1 |
0 |
|a Pomocník z matematiky pre 6. ročník ZŠ
|n 1. zošit
|c Zuzana Berová, Peter Bero ; [ilustrácie: Viktor Csiba]
|
| 250 |
|
|
|a [1. vyd.]
|
| 260 |
|
|
|a Bratislava
|b Orbis Pictus Istropolitana
|c 2006
|
| 300 |
|
|
|a 78 s.
|b ilustr.
|c 29 cm
|
| 500 |
|
|
|a Ilustr. na tit. strane
|
| 650 |
0 |
7 |
|a matematika
|2 SNKPH
|9 70174
|
| 650 |
0 |
7 |
|a základné školy
|2 SNKPH
|9 1280
|
| 655 |
|
7 |
|a zbierky úloh
|2 SNKPH
|9 70562
|
| 700 |
1 |
|
|a Bero, Peter,
|d 1950-
|4 aut
|9 215146
|
| 700 |
1 |
|
|a Csiba, Viktor
|4 ill
|9 213396
|
| 919 |
|
|
|a 80-7158-540-8
|
| 999 |
|
|
|c 567039
|d 568969
|
| 952 |
|
|
|a SNK
|b SNK
|y PREZ
|7 0
|p 17A0528608
|o snkSB 73238/1
|i snk2006/23564
|8 0
|0 0
|1 0
|4 0
|d 2006-11-10
|l 0
|r 2025-04-28 00:00:00
|w 2026-02-23
|
| 952 |
|
|
|a SNK
|b SNK
|y VYP
|7 0
|p 17A0528607
|o snkSB 73238/1 D1
|i snk2006/23566
|8 0
|0 0
|1 0
|4 0
|d 2006-11-10
|f 1
|l 0
|r 2016-06-30 00:00:00
|w 2026-02-23
|